000
00303nam a22001457a 4500
008
210602b ||||| |||| 00| 0 eng d
020
_a
9780534651770
041
_a
eng
080
_a
573
082
_a
573
100
_a
11
101
_a
BIO
245
_a
Biology
_c
Eldra P. Solomon
942
_2
udc
_c
BK
999
_c
57899
_d
57899